LEADER 01915cam a2200433 7i4500
001 0000025351
005 20110125090000.0
090 0 0 |a M 658.564   |b PAC 
245 0 0 |a Packaged Food - Malaysia November 2010. 
260 0 0 |a London:   |b Euromonitor International,   |c 2010. 
300 # # |a [v.p]. 
440 0 0 |a Country Market Insight : November 2010 
650 0 0 |a Soup --   |x Markets --   |z Malaysia  
650 0 0 |a Other dairy --   |x Markets --   |z Malaysia  
650 0 0 |a Oils & fats --   |x Markets --   |z Malaysia  
650 0 0 |a Drinking milk products --   |x Markets --   |z Malaysia  
650 0 0 |a Dried processed food --   |x Markets --   |z Malaysia  
650 0 0 |a Canned/ preserved food --   |x Markets --   |z Malaysia  
650 0 0 |a Spread --   |x Markets --   |z Malaysia  
650 0 0 |a Sauces, dressings and condiments --   |x Markets --   |z Malaysia  
650 0 0 |a Yoghurt --   |x Markets --   |z Malaysia  
650 0 0 |a Cheese --   |x Markets --   |z Malaysia  
650 0 0 |a Packaged food --   |x Markets --   |z Malaysia  
650 0 0 |a Pasta --   |x Markets --   |z Malaysia  
650 0 0 |a Meal replacement products --   |x Markets --   |z Malaysia  
650 0 0 |a Snack bars --   |x Markets --   |z Malaysia  
650 0 0 |a Sweet and savoury snacks --   |x Markets --   |z Malaysia  
650 0 0 |a Breakfast cereals --   |x Markets --   |z Malaysia  
650 0 0 |a Baby food --   |x Markets --   |z Malaysia  
650 0 0 |a Chilled processed food --   |x Markets --   |z Malaysia  
650 0 0 |a Frozen processed food --   |x Markets --   |z Malaysia  
650 0 0 |a Biscuits --   |x Markets --   |z Malaysia  
650 0 0 |a Gum --   |x Markets --   |z Malaysia  
650 0 0 |a Sugar confectionery --   |x Markets --   |z Malaysia  
650 0 0 |a Chocolate confectionery --   |x Markets --   |z Malaysia  
650 0 0 |a Ice cream --   |x Markets --   |z Malaysia  
650 0 0 |a Ready meals --   |x Markets --   |z Malaysia  
650 0 0 |a Noodles --   |x Markets --   |z Malaysia  
999 |a B000028133  |b Book  |c Countries  |e Business Information Centre